Workplace law handbook 2012 (Record no. 113174)

MARC details
000 -LEADER
fixed length control field 00718cam a22002175a 4500
001 - CONTROL NUMBER
control field L154814
008 - FIXED-LENGTH DATA ELEMENTS--GENERAL INFORMATION
fixed length control field 120120s2011 xxk f 000 0 eng d
020 ## - INTERNATIONAL STANDARD BOOK NUMBER
International Standard Book Number 9780749466244
035 ## - SYSTEM CONTROL NUMBER
System control number (Sirsi) u154814
041 0# - LANGUAGE CODE
Language code of text/sound track or separate title eng
050 04 - LIBRARY OF CONGRESS CALL NUMBER
Classification number 344.410465 $2 18
100 1# - MAIN ENTRY--PERSONAL NAME
Personal name Davies, Alex
245 00 - TITLE STATEMENT
Title Workplace law handbook 2012
Remainder of title health and safety premises and environment
260 ## - PUBLICATION, DISTRIBUTION, ETC.
Place of publication, distribution, etc. Cambridge
Name of publisher, distributor, etc. Workplace Law
Date of publication, distribution, etc. 2011
520 ## - SUMMARY, ETC.
Summary, etc. Written by experts in small, readable sections this guide to health and safety is primarily aimed at employers, and is a detailed resource on workplace law.
590 ## - LOCAL NOTE (RLIN)
Local note KA
651 #4 - SUBJECT ADDED ENTRY--GEOGRAPHIC NAME
Geographic name England and Wales
Chronological subdivision 1543-
690 ## - LOCAL SUBJECT ADDED ENTRY--TOPICAL TERM (OCLC, RLIN)
Topical term or geographic name as entry element Health and safety
9 (RLIN) 6244
942 ## - ADDED ENTRY ELEMENTS (KOHA)
Suppress in OPAC 0
Holdings
Withdrawn status Lost status Source of classification or shelving scheme Damaged status Not for loan Home library Current library Shelving location Date acquired Total Checkouts Full call number Barcode Date last seen Copy number Price effective from Koha item type
    Dewey Decimal Classification     London London Books 20/01/2012   344.410465 DAV 30077284 06/08/2019 1 06/08/2019 Book